Doctor Who Composers - Statistics

General Stats
  • This quiz has been taken 18 times
    13 since last reset
  • The average score is 254 of 312
Answer Stats
Hint Answer % Correct
Inferno Brian Hodgson | Roger Roger | Delia Derbyshire | Denis Rycoth | David Vorhaus | Georges Teperino
100%
42 | 73 Yards | A Christmas Carol | +129 others Murray Gold
100%
Lucky Day Murray Gold | Dudley Simpson
100%
The Interstellar Song Contest Murray Gold | Juno Dawson
100%
The Giggle | Wild Blue Yonder Murray Gold | Segun Akinola
100%
The Church on Ruby Road | The Devil's Chord Murray Gold | Stephen Russell Davies
100%
Arachnids in the UK | Ascension of the Cybermen/The Timeless Children | Can You Hear Me? | +20 others Segun Akinola
100%
The Dominators | The Krotons Brian Hodgson
80%
The Wheel in Space Brian Hodgson | Dudley Simpson
80%
Carnival of Monsters | City of Death | Day of the Daleks | +51 others Dudley Simpson
80%
The Hand of Fear Dudley Simpson | (anonymous) | Pierre Attaignant | Claude Gervaise
80%
Colony in Space Dudley Simpson | David Vorhaus
80%
Planet of the Spiders Dudley Simpson | Dennis Farnon | (traditional)
80%
The Evil of the Daleks Dudley Simpson | Jack Trombey
80%
The Macra Terror Dudley Simpson | John Baker
80%
The Robots of Death Dudley Simpson | Pyotr Ilyich Tchaikovsky | Claude Debussy
80%
The Time Meddler Eric Siday | Lawrence Leonard | Dennis Farnon | Leo Manzetti | Charles Botterill | Peter Hope | Trevor Duncan | Lawrence Leonard | Harry Dexter | Roberto Gerhard
80%
The Space Museum Eric Siday | Trevor Duncan | Erik Nordgren | Denis Rycoth | Roberto Gerhard | Jack Trombey | Erich Sendel | Roger Roger | Buxton Orr | Don Banks | Frank Talley | Wolfram Röhrig | Jacques Lasry
80%
The Web of Fear Béla Bartók | François Bayle | Wilfred Josephs | John Scott | Syd Dale | Edwin Braden | Martin Slavin
60%
Death to the Daleks | Doctor Who and the Silurians Carey Blyton
60%
Revenge of the Cybermen Carey Blyton | Peter Howell
60%
Dragonfire | Survival | The Happiness Patrol Dominic Glynn
60%
The Trial of a Time Lord Dominic Glynn | Richard Hartley | Malcolm Clarke
60%
The Invasion Don Harper | John Baker
60%
The Edge of Destruction Eric Siday | Alan Langford | Desmond Leslie | Buxton Orr | Tristram Cary
60%
The Moonbase Eric Siday | Desmond Briscoe | Roberto Gerhard | Tristram Cary | Martin Slavin | Trevor Duncan | Erik Nordgren
60%
The War Machines Johnny Hawksworth | Eric Siday | Trevor Duncan | Roberto Gerhard
60%
Battlefield | Delta and the Bannermen | Paradise Towers | +3 others Keff McCulloch
60%
Earthshock | Enlightenment | Resurrection of the Daleks | +2 others Malcolm Clarke
60%
Attack of the Cybermen Malcolm Clarke | Johann Sebastian Bach
60%
Castrovalva | Frontios | Full Circle | +4 others Paddy Kingsland
60%
Meglos Paddy Kingsland | Peter Howell
60%
The Tomb of the Cybermen Paul Bonneau | Erich Sendel | Trevor Duncan | Heinrich Feischner | Desmond Leslie | John Scott | Steve Race | Frank Talley | Martin Slavin | Wolfram Röhrig | Wilfred Josephs | Roberto Gerhard
60%
Kinda | Snakedance | The Awakening | +4 others Peter Howell
60%
Planet of Fire Peter Howell | John Leach
60%
The King's Demons Peter Howell | Jonathan Gibbs
60%
The Tenth Planet Walter Stott | Dennis Farnon | Douglas Gamley | Martin Slavin | Robert Farnon
60%
Galaxy 4 Jacques Lasry | Daniel Ouzounoff | Roger Simon | Trevor Duncan
40%
Doctor Who (1996) John Debney | John Sponsler | Louis Febre
40%
The Mark of the Rani | Vengeance on Varos | Warriors of the Deep Jonathan Gibbs
40%
Ghost Light | Shada | The Curse of Fenric | The Greatest Show in the Galaxy Mark Ayres
40%
An Unearthly Child | The Keys of Marinus | The Sensorites Norman Kay
40%
Arc of Infinity | Black Orchid | Four to Doomsday | +5 others Roger Limb
40%
Mission to the Unknown Trevor Duncan
40%
Marco Polo | The Daleks | The Daleks' Master Plan | +2 others Tristram Cary
40%
The Gunfighters Tristram Cary | Donald Cotton | Rex Tucker
40%
The Ark Tristram Cary | Robert Farnon
40%
The Enemy of the World Béla Bartók
20%
Timelash Elizabeth Parker
20%
The Dalek Invasion of Earth Francis Chagrin
20%
The Seeds of Doom Geoffrey Burgon
20%
Terror of the Zygons Geoffrey Burgon | (traditional)
20%
The Myth Makers Humphrey Searle
20%
The Web Planet Jacques Lasry | Daniel Ouzounoff
20%
The Massacre of St. Bartholomew's Eve Pierre Arvay
20%
The Romans | The Savages Raymond Jones
20%
The Aztecs Richard Rodney Bennett
20%
The Reign of Terror Stanley Myers
20%
The Faceless Ones Tom Dissevelt | John Levy | (unknown)
20%
The Mind Robber (traditional) | Anton Bruckner
20%
No matching quizzes found
Score Distribution
Percent of People with Each Score
Percentile by Number Answered
Your Score History
You have not taken this quiz since the last reset